书目信息 |
| 题名: |
防癌抗癌饮食方案速查
|
|
| 作者: | 辛海 编著 | |
| 分册: | ||
| 出版信息: | 北京 电子工业出版社 2017 |
|
| 页数: | 158页 | |
| 开本: | 24cm | |
| 丛书名: | 健康无忧·养生保健系列 | |
| 单 册: | ||
| 中图分类: | R273 | |
| 科图分类: | ||
| 主题词: | 癌--ai--食物疗法 | |
| 电子资源: | ||
| ISBN: | 978-7-121-30074-5 | |
| 000 | 01234nam0 22002531 450 | |
| 001 | 1761138919 | |
| 005 | 20170619172039.0 | |
| 010 | @a978-7-121-30074-5@dCNY39.90 | |
| 100 | @a20161214d2017 em y0chiy50 ea | |
| 101 | 0 | @achi |
| 102 | @aCN@b110000 | |
| 105 | @aa z 000yy | |
| 106 | @ar | |
| 200 | 1 | @a防癌抗癌饮食方案速查@9fang ai kang ai yin shi fang an su cha@f辛海编著 |
| 210 | @a北京@c电子工业出版社@d2017 | |
| 215 | @a158页@c彩图@d24cm | |
| 225 | 2 | @a健康无忧·养生保健系列@9jian kang wu you yang sheng bao jian xi lie |
| 330 | @a本书主要介绍如何通过饮食来防癌抗癌的。全书共分为六章。第一章介绍了癌症是怎么来的,不良的饮食习惯是如何增加患癌风险的,防癌抗癌的饮食原则都有什么。第二章告诉我们,一旦发现癌症不幸降临了,除了科学的治疗外,怎么控制病情发展,食疗怎么做就显得尤为重要了。癌症早、中、晚期怎么选择最佳的饮食方案,放化疗期间的饮食调理,不同体质如何选择对症的食物,本章都为你一一做了解答。第三章到第六章看似简单的食材,其实它们都是防癌抗癌的明星食物,经常食用可增强免疫力,起到一定的防癌抗癌作用。 | |
| 461 | 0 | @12001 @a健康无忧·养生保健系列 |
| 606 | 0 | @a癌@9ai@x食物疗法 |
| 690 | @aR273@v5 | |
| 701 | 0 | @a辛海@9xin hai@c(中医学)@4编著 |
| 801 | 0 | @aCN@b百万庄@c20170619 |
| 905 | @b1014867-72@dR273@e397@f6 | |
| 防癌抗癌饮食方案速查/辛海编著.-北京:电子工业出版社,2017 |
| 158页:彩图;24cm.-(健康无忧·养生保健系列) |
| ISBN 978-7-121-30074-5:CNY39.90 |
| 本书主要介绍如何通过饮食来防癌抗癌的。全书共分为六章。第一章介绍了癌症是怎么来的,不良的饮食习惯是如何增加患癌风险的,防癌抗癌的饮食原则都有什么。第二章告诉我们,一旦发现癌症不幸降临了,除了科学的治疗外,怎么控制病情发展,食疗怎么做就显得尤为重要了。癌症早、中、晚期怎么选择最佳的饮食方案,放化疗期间的饮食调理,不同体质如何选择对症的食物,本章都为你一一做了解答。第三章到第六章看似简单的食材,其实它们都是防癌抗癌的明星食物,经常食用可增强免疫力,起到一定的防癌抗癌作用。 |
| ● |
| 相关链接 |
|
|
|
|
正题名:防癌抗癌饮食方案速查
索取号:R273/397
 
预约/预借
| 序号 | 登录号 | 条形码 | 馆藏地/架位号 | 状态 | 备注 |
| 1 | 1014867 | 210148678 | 第二样本阅览室/ [索取号:R273/397] | 在馆 | |
| 2 | 1014868 | 210148687 | 教育系资料室/ [索取号:R273/397] | 在馆 | |
| 3 | 1014869 | 210148696 | 教育系资料室/ [索取号:R273/397] | 在馆 | |
| 4 | 1014870 | 210148703 | 教育系资料室/ [索取号:R273/397] | 在馆 | |
| 5 | 1014871 | 210148712 | 第三借阅区/ [索取号:R273/397] | 在馆 | |
| 6 | 1014872 | 210148721 | 第三借阅区/ [索取号:R273/397] | 在馆 |